Legislación del Tolima 1815-1985 : (Registro nro. 6292)

Detalles MARC
000 -LEADER
fixed length control field 00871nam a2200205Ia 4500
003 - CONTROL NUMBER IDENTIFIER
control field OSt
005 - DATE AND TIME OF LATEST TRANSACTION
control field 20201022175249.0
008 - FIXED-LENGTH DATA ELEMENTS--GENERAL INFORMATION
fixed length control field 191128s1986 ck gr 000 0 spa d
040 ## - CATALOGING SOURCE
Original cataloging agency CO-JMCR
Transcribing agency CO-JMCR
041 0# - LANGUAGE CODE
Language code of text/sound track or separate title spa
082 04 - DEWEY DECIMAL CLASSIFICATION NUMBER
Classification number 986.136026 /
Item number U762l
Edition number 23
100 1# - MAIN ENTRY--PERSONAL NAME
Personal name Uribe Badillo, Alfonso,
Relator term compilador
9 (RLIN) 10909
245 10 - TITLE STATEMENT
Title Legislación del Tolima 1815-1985 :
Remainder of title Alfonso Uribe Badillo, compilación /
260 ## - PUBLICATION, DISTRIBUTION, ETC.
Place of publication, distribution, etc. Bogotá :
Name of publisher, distributor, etc. Cámara de Representantes,
Date of publication, distribution, etc. 1986
300 ## - PHYSICAL DESCRIPTION
Extent 619 páginas ;
Dimensions 23 cm.
490 0# - SERIES STATEMENT
Series statement Pensadores políticos colombianos
505 0# - FORMATTED CONTENTS NOTE
Formatted contents note 1815 Constitución o forma de gobierno del Estado de Mariquita -- 1822 Decreto (de 23 de marzo) -- 1830 Decreto (de 10 de diciembre) -- 1831 Decreto (de 1° de septiembre) 1833 Decreto (de 5 de junio) -- 1834 Decreto (de 11 de abril)
650 14 - SUBJECT ADDED ENTRY--TOPICAL TERM
Topical term or geographic name entry element Leyes
9 (RLIN) 10910
Geographic subdivision Tolima (Colombia)
942 ## - ADDED ENTRY ELEMENTS (KOHA)
Source of classification or shelving scheme Dewey Decimal Classification
Koha item type Books
Existencias
Withdrawn status Lost status Source of classification or shelving scheme Damaged status Not for loan Collection code Home library Current library Date acquired Source of acquisition Full call number Barcode Date last seen Copy number Koha item type
    Dewey Decimal Classification     Non-fiction Biblioteca Pública José María del Castillo y Rada Biblioteca Pública José María del Castillo y Rada 04/15/2018 Donación 986.136026 / U762l 430012328 05/16/2024 Ej.1 Books